Vector mechanics for engineers (Record no. 7603)

000 -LEADER
fixed length control field 00565nam a22001931a 4500
001 - CONTROL NUMBER
control field 7603
003 - CONTROL NUMBER IDENTIFIER
control field BD-DhUET
008 - FIXED-LENGTH DATA ELEMENTS--GENERAL INFORMATION
fixed length control field 860915s1962 nyua 000 0 eng d
040 ## - CATALOGING SOURCE
Original cataloging agency DLC
Transcribing agency DLC
Modifying agency BD-DhUET
082 ## - DEWEY DECIMAL CLASSIFICATION NUMBER
Edition number 620.1
Item number BEE/1962
100 1# - MAIN ENTRY--PERSONAL NAME
Personal name Beer, Ferdinand P.
245 10 - TITLE STATEMENT
Title Vector mechanics for engineers
Remainder of title statics
Statement of responsibility, etc. by Ferdinand P. Beer and E Russell Johnston
250 ## - EDITION STATEMENT
Edition statement 2nd ed.
260 ## - PUBLICATION, DISTRIBUTION, ETC. (IMPRINT)
Place of publication, distribution, etc. New York
Name of publisher, distributor, etc. McGraw-Hill
Date of publication, distribution, etc. 1962
300 ## - PHYSICAL DESCRIPTION
Extent xiv, 382p.+various paging
Other physical details ill.
Dimensions 25 cm.
650 #0 - SUBJECT ADDED ENTRY--TOPICAL TERM
Topical term or geographic name as entry element Vector mechanics
700 ## - ADDED ENTRY--PERSONAL NAME
Personal name Johnston, E. Russell
942 ## - ADDED ENTRY ELEMENTS (KOHA)
Koha item type General Book
Holdings
Damaged status Price effective from Date acquired Koha item type Koha date last borrowed Koha date last seen Koha normalized classification for sorting Sublocation or collection (holding branch) Shelving location Copy number Not for loan Koha full call number Location (home branch) Lost status Withdrawn status Koha issues (times borrowed) Piece designation (barcode) Source of classification or shelving scheme
 2014-12-112014-12-11General Book 2014-12-11620_000000000000000_1BEE1962Central Library, BUETCirculation section1 620.1/BEE/1962Central Library, BUET   84708 
 2014-12-112014-12-11General Book 2014-12-11620_000000000000000_1BEE1962Central Library, BUETCirculation section2 620.1/BEE/1962Central Library, BUET   84863 
 2014-12-112014-12-11General Book 2014-12-11620_000000000000000_1BEE1962Central Library, BUETCirculation section3 620.1/BEE/1962Central Library, BUET   84914 
 2014-12-112014-12-11General Book2023-12-112023-12-20620_000000000000000_1BEE1962Central Library, BUETCirculation section4 620.1/BEE/1962Central Library, BUET  284939 
 2014-12-112014-12-11General Book2023-12-112023-12-17620_000000000000000_1BEE1962Central Library, BUETCirculation section5 620.1/BEE/1962Central Library, BUET  384949